Non-Bordering Countries Closest to Poland - Statistics

General Stats
  • This quiz has been taken 13 times
  • The average score is 19 of 20
Answer Stats
km Country % Correct
143 Austria
100%
600 Belgium
100%
370 Croatia
100%
94 Denmark
100%
396 Estonia
100%
454 Italy
100%
190 Latvia
100%
556 Liechtenstein
100%
464 Netherlands
100%
334 Serbia
100%
154 Sweden
100%
537 Switzerland
100%
518 France
92%
287 Moldova
92%
598 Norway
92%
101 Romania
92%
345 Slovenia
92%
482 Bosnia and Herzegovina
83%
76 Hungary
83%
534 Bulgaria
75%
No matching quizzes found
Score Distribution
Percent of People with Each Score
Percentile by Number Answered
Your Score History
You have not taken this quiz